|
|
|
|
| LEADER |
00000nam0a2200000 4500 |
| 001 |
191950 |
| 005 |
20260120153551.0 |
| 035 |
|
|
|a (RuTPU)RU\TPU\book\209315
|
| 090 |
|
|
|a 191950
|
| 100 |
|
|
|a 20110215d1990 m y0rusy50 ca
|
| 101 |
0 |
|
|a rus
|
| 102 |
|
|
|a RU
|
| 105 |
|
|
|a a z 001zb
|
| 200 |
1 |
|
|a Вера Александровна Варсанофьева
|f под ред. В. С. Франк-Каменецкого, под ред. В. Э. Юдовича
|
| 210 |
|
|
|a Сыктывкар
|c Коми научный центр
|d 1990
|
| 215 |
|
|
|a 187 с.
|c ил.
|
| 320 |
|
|
|a Библиогр.: с. 170-185.
|
| 600 |
|
1 |
|a Варсанофьева
|b В. А.
|c российский геолог
|f 1890-1976
|g Вера Александровна
|2 stltpush
|3 (RuTPU)RU\TPU\pers\11487
|9 2681
|
| 606 |
|
|
|a Геологи
|x Персоналии
|9 83301
|
| 610 |
1 |
|
|a географы
|
| 610 |
1 |
|
|a воспоминания
|
| 610 |
1 |
|
|a ученые
|
| 610 |
1 |
|
|a автобиографии
|
| 610 |
1 |
|
|a Печора
|
| 610 |
1 |
|
|a поэтические произведения
|
| 610 |
1 |
|
|a переписка
|
| 610 |
1 |
|
|a воспоминания
|
| 675 |
|
|
|a 55(092)
|v 3
|
| 702 |
|
1 |
|a Франк-Каменецкий
|b В. С.
|4 340
|
| 702 |
|
1 |
|a Юдович
|b В. Э.
|4 340
|
| 801 |
|
1 |
|a RU
|b 63413507
|c 20110215
|
| 801 |
|
2 |
|a RU
|b 63413507
|c 20110221
|g RCR
|
| 942 |
|
|
|c BK
|